000 00726nam a2200289Ia 4500
005 20260324130939.0
008 008 260324s9999 xx 000 0 eng d
020 _a9780203962848
037 _aEBOOK
040 _aCRL
040 _beng
040 _cCRL
041 _2eng
041 _aeng
084 _qCRL
100 _aStephen Stetter
_91181338
245 0 _aTerritorial Conflicts in World Society
245 0 _bModern Systems Theory, International Relations and Conflict Studies
260 _bTaylor and Francis
260 _c2007
365 _a
365 _b240
856 _uhttp://www.taylorfrancis.com/books/9780203962848
942 _cEBOOK
999 _c1780371
_d1780371